Willy el soñador (Registro nro. 2814)
[ vista simple ]
| 000 -CABECERA | |
|---|---|
| Longitud fija campo de control | 00597nam a2200205 a 4500 |
| 003 - • IDENTIFICADOR DELl NÚMERO DE CONTROL | |
| Identificador del número de control | CO-ViMGA |
| 008 - • CÓDIGOS DE INFORMACIÓN DE LONGITUD FIJA | |
| Códigos de información de longitud fija | 141112s2004 ck r 000 u spa d |
| 020 ## - • NÚMERO INTERNACIONAL NORMALIZADO PARA LIBROS | |
| Número Internacional Normalizado para Libros (ISBN) | 9681663918 |
| 040 ## - FUENTE DE LA CATALOGACIÓN | |
| Centro catalogador de origen | CO-ViMGA |
| Lengua de catalogación | spa |
| Centro transcriptor | CO-ViMGA |
| 082 04 - • NÚMERO DE LA CLASIFICACIÓN DECIMAL DEWEY | |
| Número de clasificación (R) | I 813.5 B768w |
| 100 1# - • PUNTO DE ACCESO PRINCIPAL-NOMBRE DE PERSONA | |
| Nombre de persona | Browne, Anthony |
| 245 10 - • TITULO PROPIAMENTE DICHO | |
| Título | Willy el soñador |
| 300 ## - • DESCRIPCIÓN FÍSICA | |
| Extensión | 22 p. il. |
| 490 ## - • MENCIÓN DE SERIE | |
| Mención de serie | A la orilla del viento |
| 590 ## - NOTAS LOCALES | |
| Nota local | Forma de adquisición : |
| -- | royecto 2005 - - Precio : |
| -- | 35.100 |
| 650 14 - • PUNTO DE ACCESO ADICIONAL DE MATERIA - TÉRMINO DE MATERIA | |
| Término de materia o nombre geográfico como elemento inicial | CUENTOS INFANTILES ESTADOUNIDENSES |
| 942 ## - ENTRADA DE ELEMENTOS AGREGADOS (KOHA) | |
| Fuente de clasificaión o esquema | Dewey Decimal Classification |
| Koha [por defecto] tipo de item | LIbro |
| Perdido | Fuente de clasificación o esquema | Estado Físico | No para préstamo | Forma de adquisición | Localización permanente | Localización actual | Localización en estanterías | Fecha adquisición | Préstamos totales | Signatura completa | Código de barras | Fecha última consulta | Número de copia | Fecha del precio de reemplazo | Tipo de item de Koha | Serie de enumeración / cronolog&íacute;a |
|---|---|---|---|---|---|---|---|---|---|---|---|---|---|---|---|---|
| Dewey Decimal Classification | Colección General | Biblioteca Pública San Carlos de Guaroa - Eduardo Carranza | Biblioteca Pública San Carlos de Guaroa - Eduardo Carranza | Sala Infantil | 02/22/2023 | A BRO1 | SG00159 | 02/22/2023 | Ej.1 | 02/22/2023 | Libro Infantil | |||||
| Dewey Decimal Classification | Damaged | Sala Infantil Segundo Piso | Biblioteca Pública Germán Arciniegas - Villavicencio | Biblioteca Pública Germán Arciniegas - Villavicencio | 12/04/2015 | I 813.5 B768w | 18896 | 12/04/2015 | Ej. 1 | 12/04/2015 | LIbro | Volumen. 1 | 11/jun/2009 | ||||
| Dewey Decimal Classification | Infantil | Biblioteca Pública Guamal | Biblioteca Pública Guamal | Sala Infantil | 02/10/2023 | A BRO1 | GUA001075 | 02/10/2023 | Ej.1 | 02/10/2023 | Libro Infantil | |||||
| Dewey Decimal Classification | Infantil | Biblioteca Pública Mapiripan | Biblioteca Pública Mapiripan | Sala Infantil | 01/25/2024 | A BRO1 | MAP00003634 | 01/25/2024 | Ej.1 | 01/25/2024 | LIbro |